| 000 | 01676nam a2200433 i 4500 | ||
|---|---|---|---|
| 001 | 193597 | ||
| 003 | ES-MaACL | ||
| 005 | 20240903062956.0 | ||
| 007 | ta | ||
| 008 | 920904s1991 sp 000 spa | ||
| 017 |
_aM 8771-1991 _bOficina Depósito Legal Madrid |
||
| 020 | _a8471969017 | ||
| 040 |
_aSpMaUCCE _bspa _cES-MaACL |
||
| 080 | _a33(081) Figuerola, Laureano | ||
| 100 | 1 |
_aFiguerola, Laureano, _950808 _d1816-1903 _eaut |
|
| 245 | 1 | 0 |
_aEscritos económicos / _cLaureano Figuerola ; edición y estudio preliminar por Francisco Cabrillo |
| 264 |
_aMadrid : _bInstituto de Estudios Fiscales, _c[1991] |
||
| 300 |
_aXLIV, 361 páginas ; _c21 cm |
||
| 336 |
_2rdacontent _aTexto |
||
| 337 |
_2rdamedia _asin mediación |
||
| 338 |
_2rdacarrier _avolumen |
||
| 490 | 0 |
_aClásicos del pensamiento económico español _v; 14 |
|
| 500 | _aÍndice | ||
| 500 | _aApéndice documental | ||
| 504 | _aReferencias bibliográficas | ||
| 600 | 1 | 4 |
_950808 _aFiguerola, Laureano, _d1816-1903 |
| 650 | 0 | 4 |
_aEconomía- _xEscuelas y Teorías _9234905 |
| 700 | 0 |
_aCabrillo, Francisco _933329 _epbl |
|
| 710 | 2 |
_9169207 _aInstituto de Estudios Fiscales (España) |
|
| 830 |
_9185560 _aClásicos del pensamiento económico español |
||
| 852 |
_aES-MaACL _bR. 154939 _cDEPOJ _jN-9603 _hDonación: Francisco Cabrillo _xEncuadernación cartoné _9201059 |
||
| 903 |
_933329 _aCabrillo, Francisco _ednr |
||
| 942 |
_n0 _cMONOGRAFIA |
||
| 999 |
_c193597 _d193597 |
||